[Event "USA tt"]
[Site "ICC INT"]
[Date "2013.09.18"]
[Round "4"]
[White "Bhat, Vinay S"]
[Black "Charbonneau, Pascal"]
[Result "1/2-1/2"]
[WhiteElo "2511"]
[BlackElo "2505"]
[PlyCount "98"]
[GameId "1166657296244736"]
[EventDate "2013.08.27"]
[EventType "team-tourn"]
[EventRounds "10"]
[EventCountry "USA"]
[SourceTitle "CBM 156 Extra"]
[Source "ChessBase"]
[SourceDate "2013.10.22"]
[SourceVersion "1"]
[SourceVersionDate "2013.10.22"]
[SourceQuality "1"]
[WhiteTeam "San Francisco"]
[BlackTeam "New York"]
[WhiteTeamCountry "USA"]
[BlackTeamCountry "USA"]

1. d4 Nf6 2. c4 e6 3. Nf3 d5 4. Nc3 Be7 5. Bf4 O-O 6. e3 Nbd7 7. Qc2 c5 8. dxc5 Nxc5 9. Be2 dxc4 10. Bxc4 a6 11. a4 b6 12. O-O Bb7 13. Ne5 Rc8 14. Rfd1 Qe8 15. Qe2 Rd8 16. b4 Rxd1+ 17. Nxd1 Ncd7 18. Bxa6 Bxa6 19. Qxa6 Bxb4 20. Nc6 Bc5 21. Nc3 e5 22. Bg3 Qe6 23. Qb7 Qb3 24. Nb5 Qb2 25. Rf1 Qc2 26. Nxe5 Nxe5 27. Bxe5 Qxa4 28. Nc3 Qd7 29. Qf3 Be7 30. Bxf6 Bxf6 31. Nd5 Be5 32. g3 b5 33. Rb1 Rd8 34. e4 h6 35. Qb3 Rb8 36. Kg2 Kh8 37. Qb4 Qe6 38. Qb3 Bd6 39. Qd3 b4 40. Rb3 Qe5 41. Ne3 Be7 42. Nd5 Bf8 43. Qf3 Qe6 44. Qd3 Re8 45. Nxb4 Rb8 46. Nd5 Rxb3 47. Qxb3 Qxe4+ 48. Qf3 Qxf3+ 49. Kxf3 Bc5 1/2-1/2

[Event "USA tt"]
[Site "ICC INT"]
[Date "2013.10.16"]
[Round "8"]
[White "Charbonneau, Pascal"]
[Black "Mandizha, Farai"]
[Result "0-1"]
[WhiteElo "2505"]
[BlackElo "2415"]
[PlyCount "118"]
[GameId "1166657296752640"]
[EventDate "2013.08.27"]
[EventType "team-tourn"]
[EventRounds "10"]
[EventCountry "USA"]
[SourceTitle "EXT 2014"]
[Source "ChessBase"]
[SourceDate "2013.11.20"]
[SourceVersion "1"]
[SourceVersionDate "2013.11.20"]
[SourceQuality "1"]
[WhiteTeam "New York"]
[BlackTeam "Manhattan"]
[WhiteTeamCountry "USA"]
[BlackTeamCountry "USA"]

1. Nf3 f5 2. g3 Nf6 3. Bg2 g6 4. O-O Bg7 5. c4 O-O 6. Nc3 d6 7. d3 e5 8. Rb1 h6 9. b4 g5 10. b5 Qe8 11. Ba3 Nbd7 12. e3 Rb8 13. d4 Rf7 14. Nd2 e4 15. h3 Nf8 16. f3 exf3 17. Qxf3 g4 18. hxg4 Nxg4 19. Rfe1 Ne6 20. Nf1 Ng5 21. Qd1 Ne4 22. Qc2 Ngf6 23. Ne2 h5 24. Bb2 Bh6 25. d5 Re7 26. Nf4 Ng4 27. Bxe4 fxe4 28. Nh2 Kh7 29. Bd4 b6 30. Rf1 Bg7 31. Rbe1 Kg8 32. Re2 Nh6 33. Bxg7 Rxg7 34. Rg2 Bd7 35. Qe2 Rg5 36. Qb2 Qe5 37. Qxe5 dxe5 38. Ne6 Bxe6 39. dxe6 Nf5 40. Re1 Re8 41. Nf1 Rxe6 42. Rd1 Reg6 43. Kh2 h4 44. Rd8+ Kh7 45. Rd7+ Rg7 46. Rxg7+ Rxg7 47. gxh4 Rxg2+ 48. Kxg2 Nxh4+ 49. Kf2 Nf5 50. Nd2 Nd6 51. a4 Kg6 52. c5 bxc5 53. Nb3 Nb7 54. Nd2 Kf5 55. Nc4 Ke6 56. a5 Kd5 57. a6 Nd6 58. b6 cxb6 59. Nxb6+ Kc6 0-1

[Event "USA tt playoff"]
[Site "ICC INT"]
[Date "2013.11.20"]
[Round "3"]
[White "Charbonneau, Pascal"]
[Black "Gonzalez, Renier"]
[Result "0-1"]
[WhiteElo "2505"]
[BlackElo "2472"]
[PlyCount "94"]
[GameId "1166657633923072"]
[EventDate "2013.11.05"]
[EventType "team-k.o."]
[EventRounds "3"]
[EventCountry "USA"]
[SourceTitle "EXT 2015"]
[Source "ChessBase"]
[SourceDate "2014.11.20"]
[SourceVersion "1"]
[SourceVersionDate "2014.11.20"]
[SourceQuality "1"]
[WhiteTeam "New York"]
[BlackTeam "Miami"]
[WhiteTeamCountry "USA"]
[BlackTeamCountry "USA"]

1. e4 g6 2. d4 Bg7 3. Nc3 c6 4. Bc4 d6 5. Bb3 Nf6 6. Nf3 O-O 7. O-O Bg4 8. h3 Bxf3 9. Qxf3 e5 10. dxe5 dxe5 11. Bg5 h6 12. Be3 Qe7 13. Rfd1 Na6 14. Rd2 Rfd8 15. Rxd8+ Rxd8 16. Bxa7 Nc5 17. Qe3 Bf8 18. Bc4 Rd4 19. Bxc5 Qxc5 20. Bd3 Qa5 21. a3 Kg7 22. Qe1 Qa7 23. b4 Be7 24. Ne2 Rd7 25. Qc3 Nh7 26. g3 Ng5 27. Kg2 Ne6 28. Bc4 Nd4 29. Nc1 b5 30. Ba2 c5 31. Qb2 c4 32. c3 Ne6 33. a4 Bg5 34. Qe2 Qxa4 35. h4 Bd2 36. h5 g5 37. Rb1 Bxc3 38. Qf3 Bd2 39. Qf5 Bxc1 40. Qxe5+ Kg8 41. Rxc1 Qxa2 42. Ra1 Qd2 43. Ra6 c3 44. Rxe6 fxe6 45. Qxe6+ Rf7 46. Qe8+ Kg7 47. Qe5+ Kh7 0-1

[Event "USA tt"]
[Site "ICC INT"]
[Date "2014.09.16"]
[Round "4"]
[White "Charbonneau, Pascal"]
[Black "Shen, Victor C"]
[Result "1/2-1/2"]
[WhiteElo "2505"]
[BlackElo "2410"]
[PlyCount "80"]
[GameId "1166658581528576"]
[EventDate "2014.08.26"]
[EventType "team-tourn"]
[EventRounds "10"]
[EventCountry "USA"]
[SourceTitle "CBM 162 Extra"]
[Source "ChessBase"]
[SourceDate "2014.10.17"]
[SourceVersion "1"]
[SourceVersionDate "2014.10.17"]
[SourceQuality "1"]
[WhiteTeam "New York"]
[BlackTeam "Manhattan"]
[WhiteTeamCountry "USA"]
[BlackTeamCountry "USA"]

1. e4 e5 2. Nf3 Nc6 3. Bb5 a6 4. Ba4 Nge7 5. c3 g6 6. d4 exd4 7. cxd4 b5 8. Bb3 Bg7 9. d5 Na5 10. Bd2 Nxb3 11. Qxb3 O-O 12. Bc3 d6 13. O-O Bd7 14. Rd1 f6 15. Bd4 g5 16. Nbd2 Ng6 17. Be3 Ne5 18. Nxe5 fxe5 19. Rac1 Be8 20. Nf1 Bg6 21. Qd3 h5 22. Rc6 g4 23. Rdc1 Rf7 24. b3 h4 25. a4 bxa4 26. bxa4 a5 27. R1c4 Bf6 28. Qe2 Rg7 29. Bh6 Rh7 30. Bd2 Be8 31. Qxg4+ Kh8 32. h3 Bxc6 33. Rxc6 Qd7 34. Qf3 Qf7 35. Nh2 Qg6 36. Ng4 Rf7 37. Nh6 Rh7 38. Ng4 Rf7 39. Nh6 Rh7 40. Ng4 Rf7 1/2-1/2

[Event "USA tt"]
[Site "ICC INT"]
[Date "2014.10.07"]
[Round "7"]
[White "Charbonneau, Pascal"]
[Black "Holt, Conrad"]
[Result "0-1"]
[WhiteElo "2505"]
[BlackElo "2574"]
[PlyCount "92"]
[GameId "1166658581954560"]
[EventDate "2014.08.26"]
[EventType "team-tourn"]
[EventRounds "10"]
[EventCountry "USA"]
[SourceTitle "CBM 162 Extra"]
[Source "ChessBase"]
[SourceDate "2014.10.17"]
[SourceVersion "1"]
[SourceVersionDate "2014.10.17"]
[SourceQuality "1"]
[WhiteTeam "New York"]
[BlackTeam "Dallas"]
[WhiteTeamCountry "USA"]
[BlackTeamCountry "USA"]

1. e4 e6 2. d4 d5 3. Nc3 Bb4 4. e5 c5 5. a3 Bxc3+ 6. bxc3 Ne7 7. Qg4 O-O 8. Bd3 Nbc6 9. Qh5 Ng6 10. Nf3 Qc7 11. Be3 c4 12. Bxg6 fxg6 13. Qg4 Qf7 14. Ng5 Qe8 15. h4 Bd7 16. Qe2 b5 17. g4 a5 18. h5 gxh5 19. Rxh5 h6 20. Nh3 Qg6 21. Nf4 Qe4 22. f3 Qh7 23. g5 Rxf4 24. Bxf4 Rf8 25. Be3 Be8 26. Rh2 h5 27. Rb1 Ne7 28. g6 Qxg6 29. Kf2 Nf5 30. Rg1 Qh7 31. Bg5 h4 32. f4 b4 33. axb4 axb4 34. Qd2 b3 35. cxb3 cxb3 36. Qb2 Bb5 37. Qxb3 Ng3 38. Qxb5 Qc2+ 39. Kf3 Qxh2 40. Rg2 Qh3 41. Kf2 Ne4+ 42. Kg1 Qe3+ 43. Kh2 Nd2 44. Rxd2 Qxd2+ 45. Kh3 Qxc3+ 46. Kxh4 Qxd4 0-1

[Event "USA tt"]
[Site "ICC INT"]
[Date "2015.09.15"]
[Round "4"]
[White "Charbonneau, Pascal"]
[Black "Katz, Alexander R"]
[Result "1-0"]
[WhiteElo "2505"]
[BlackElo "2330"]
[PlyCount "113"]
[GameId "1166659745636352"]
[EventDate "2015.08.25"]
[EventType "team-swiss"]
[EventRounds "10"]
[EventCountry "USA"]
[SourceTitle "EXT 2016"]
[Source "ChessBase"]
[SourceDate "2015.10.08"]
[SourceVersion "1"]
[SourceVersionDate "2015.10.08"]
[SourceQuality "1"]
[WhiteTeam "New York"]
[BlackTeam "New England"]
[WhiteTeamCountry "USA"]
[BlackTeamCountry "USA"]

1. e4 d6 2. d4 Nf6 3. Nc3 g6 4. Nf3 Bg7 5. Be2 O-O 6. O-O c6 7. a4 Nbd7 8. h3 Qc7 9. a5 e5 10. dxe5 dxe5 11. Be3 Rd8 12. Qb1 Nf8 13. Qa2 Be6 14. Qa4 h6 15. b4 Nh5 16. Rfd1 Nf4 17. Bf1 g5 18. Ne1 Rxd1 19. Rxd1 Qc8 20. b5 Bd7 21. Qb4 N8e6 22. bxc6 bxc6 23. a6 Rb8 24. Qa5 Nd4 25. Kh2 Bf6 26. Na4 Nfe6 27. Qd2 Bd8 28. c3 c5 29. Nb2 Bc6 30. f3 Bc7 31. Bf2 Nb5 32. Ra1 Nd6 33. Nc4 Qf8 34. Nc2 Rd8 35. Nxd6 Rxd6 36. Qe1 Rd7 37. Ne3 Nf4 38. Rd1 Rxd1 39. Qxd1 Kh7 40. Bc4 h5 41. Qb3 Kg6 42. g3 Ne6 43. Bxe6 fxe6 44. Qxe6+ Qf6 45. Qg8+ Qg7 46. Qe6+ Qf6 47. Qxf6+ Kxf6 48. Nd5+ Bxd5 49. exd5 Bb6 50. Be3 g4 51. fxg4 hxg4 52. h4 Kf5 53. h5 Ke4 54. Bg5 Kf5 55. h6 Kg6 56. d6 Bd8 57. Bxd8 1-0

[Event "USA tt"]
[Site "ICC INT"]
[Date "2015.10.27"]
[Round "10"]
[White "Ostrovskiy, Aleksandr A"]
[Black "Charbonneau, Pascal"]
[Result "1/2-1/2"]
[WhiteElo "2401"]
[BlackElo "2505"]
[PlyCount "62"]
[GameId "1166659746603008"]
[EventDate "2015.08.25"]
[EventType "team-swiss"]
[EventRounds "10"]
[EventCountry "USA"]
[SourceTitle "EXT 2017"]
[Source "ChessBase"]
[SourceDate "2016.10.25"]
[SourceVersion "1"]
[SourceVersionDate "2016.10.25"]
[SourceQuality "1"]
[WhiteTeam "Manhattan"]
[BlackTeam "New York"]
[WhiteTeamCountry "USA"]
[BlackTeamCountry "USA"]

1. e4 e5 2. Nf3 Nc6 3. Bb5 a6 4. Ba4 Nf6 5. O-O Be7 6. d3 b5 7. Bb3 d6 8. a3 O-O 9. Nc3 Bg4 10. Be3 Nd4 11. Bxd4 exd4 12. Nd5 c6 13. h3 cxd5 14. hxg4 dxe4 15. dxe4 Nxg4 16. Nxd4 Ne5 17. a4 bxa4 18. Rxa4 g6 19. Qe2 Qb6 20. Bd5 Rab8 21. b3 a5 22. Qd2 Bd8 23. Rfa1 Qc5 24. Kh1 Rb4 25. c3 Rxa4 26. Rxa4 Bb6 27. f4 Ng4 28. Rc4 Qa3 29. Ra4 Qc5 30. Rc4 Qa3 31. Ra4 Qc5 1/2-1/2

[Event "PRO League Stage"]
[Site "Chess.com INT"]
[Date "2017.02.15"]
[Round "6"]
[White "Charbonneau, Pascal"]
[Black "Liu, Aristo S"]
[Result "1-0"]
[WhiteElo "2505"]
[BlackElo "1969"]
[PlyCount "59"]
[GameId "1088370459115520"]
[EventDate "2017.01.11"]
[EventType "team-swiss (rapid)"]
[EventRounds "7"]
[EventCountry "USA"]
[SourceTitle "CBM 176 Extra"]
[Source "ChessBase"]
[SourceDate "2017.03.02"]
[SourceVersion "1"]
[SourceVersionDate "2017.03.02"]
[SourceQuality "1"]
[WhiteTeam "Montclair Sopranos"]
[BlackTeam "Columbus Cardinals"]
[WhiteTeamCountry "USA"]
[BlackTeamCountry "USA"]

1. e4 e5 2. Nf3 Nc6 3. Bb5 a6 4. Ba4 Nf6 5. O-O Be7 6. d3 b5 7. Bb3 O-O 8. Nc3 Bb7 9. a4 b4 10. Nd5 Nxd5 11. Bxd5 d6 12. Bd2 a5 13. c3 bxc3 14. bxc3 Qd7 15. Rb1 Ba6 16. Qc2 Rab8 17. Be3 Bf6 18. Nd2 Ne7 19. Bc4 Qc6 20. Rxb8 Rxb8 21. Rb1 Rxb1+ 22. Qxb1 Ng6 23. Qb3 Bxc4 24. Nxc4 Qa8 25. Qb5 Nf4 26. Bxf4 exf4 27. Nxa5 Bxc3 28. Nc6 d5 29. Qxd5 h6 30. Ne7+ 1-0

[Event "PRO League Stage"]
[Site "Chess.com INT"]
[Date "2017.02.15"]
[Round "6"]
[White "Shen, Christopher Y"]
[Black "Charbonneau, Pascal"]
[Result "1/2-1/2"]
[WhiteElo "2165"]
[BlackElo "2505"]
[PlyCount "69"]
[GameId "1088370459979776"]
[EventDate "2017.01.11"]
[EventType "team-swiss (rapid)"]
[EventRounds "7"]
[EventCountry "USA"]
[SourceTitle "CBM 176 Extra"]
[Source "ChessBase"]
[SourceDate "2017.03.02"]
[SourceVersion "1"]
[SourceVersionDate "2017.03.02"]
[SourceQuality "1"]
[WhiteTeam "Columbus Cardinals"]
[BlackTeam "Montclair Sopranos"]
[WhiteTeamCountry "USA"]
[BlackTeamCountry "USA"]

1. c4 e6 2. g3 d5 3. Bg2 Nf6 4. Nf3 Be7 5. O-O O-O 6. d4 Na6 7. Nc3 c6 8. Ne5 Nd7 9. Nxd7 Bxd7 10. cxd5 cxd5 11. a3 Nc7 12. Bf4 Nb5 13. Nxb5 Bxb5 14. Rc1 Rc8 15. Qd2 Qd7 16. Bf3 b6 17. Rxc8 Rxc8 18. Rc1 Rc6 19. Rxc6 Qxc6 20. Qc1 Qxc1+ 21. Bxc1 g5 22. Kf1 Kg7 23. Ke1 Kg6 24. Kd2 f5 25. h3 h5 26. b3 a5 27. Bb2 Bf6 28. Bg2 g4 29. hxg4 hxg4 30. e3 Be7 31. Ke1 Bd6 32. Bf1 Bxf1 33. Kxf1 b5 34. Ke2 a4 35. b4 1/2-1/2

[Event "PRO League Stage"]
[Site "Chess.com INT"]
[Date "2017.02.22"]
[Round "7"]
[White "Leskovar, Mario Leopoldo"]
[Black "Charbonneau, Pascal"]
[Result "0-1"]
[WhiteElo "2292"]
[BlackElo "2505"]
[PlyCount "66"]
[GameId "1089844240687104"]
[EventDate "2017.01.11"]
[EventType "team-swiss (rapid)"]
[EventRounds "7"]
[EventCountry "USA"]
[SourceTitle "EXT 2018"]
[Source "ChessBase"]
[SourceDate "2017.10.13"]
[SourceVersion "1"]
[SourceVersionDate "2017.10.13"]
[SourceQuality "1"]
[WhiteTeam "Patagonia Penguins"]
[BlackTeam "Montclair Sopranos"]
[WhiteTeamCountry "ARG"]
[BlackTeamCountry "USA"]

1. b3 d5 2. Bb2 Bf5 3. d3 e6 4. Nd2 Nf6 5. Ngf3 Be7 6. g3 O-O 7. Bg2 h6 8. O-O Nbd7 9. c4 c6 10. Qc2 Bh7 11. a3 a5 12. Bc3 b5 13. cxb5 cxb5 14. Rfc1 Qb8 15. b4 axb4 16. Bxb4 Bxb4 17. axb4 Rxa1 18. Rxa1 e5 19. Rc1 Qd6 20. Qc3 Bf5 21. d4 e4 22. Ne5 Re8 23. Nxd7 Qxd7 24. Nf1 Qa7 25. Ne3 Rc8 26. Qb2 Rxc1+ 27. Qxc1 Be6 28. Qb2 Ne8 29. f3 Nd6 30. Kf2 f5 31. Nc2 Nc4 32. Qa1 Qa4 33. Qa2 Qxa2 0-1

[Event "PRO League KO Stage"]
[Site "Chess.com INT"]
[Date "2017.03.01"]
[Round "1"]
[White "Smith, Bryan G"]
[Black "Charbonneau, Pascal"]
[Result "0-1"]
[WhiteElo "2419"]
[BlackElo "2505"]
[PlyCount "110"]
[GameId "1093642286063616"]
[EventDate "2017.03.01"]
[EventType "team-k.o. (rapid)"]
[EventRounds "5"]
[EventCountry "USA"]
[SourceTitle "CBM 177 Extra"]
[Source "ChessBase"]
[SourceDate "2017.04.27"]
[SourceVersion "1"]
[SourceVersionDate "2017.04.27"]
[SourceQuality "1"]
[WhiteTeam "Philadelphia Inventors"]
[BlackTeam "Montclair Sopranos"]
[WhiteTeamCountry "USA"]
[BlackTeamCountry "USA"]

1. e4 c5 2. Nc3 Nc6 3. Bb5 Nd4 4. Bc4 e6 5. Nge2 Nf6 6. O-O Qc7 7. d3 a6 8. Nxd4 cxd4 9. Ne2 Bc5 10. Bf4 d6 11. c3 dxc3 12. Nxc3 O-O 13. Rc1 Qe7 14. Bg5 b5 15. Bb3 h6 16. Bh4 g5 17. Bg3 e5 18. h4 Be6 19. hxg5 hxg5 20. Qd2 Nh5 21. Bh2 Kg7 22. Nd5 Bxd5 23. Bxd5 Rac8 24. Qe2 Nf6 25. Bb3 Rh8 26. Qf3 Rh6 27. g4 Rch8 28. Bg3 Qd7 29. Rxc5 dxc5 30. Bxe5 Re8 31. Bc3 b4 32. Bd2 Reh8 33. Bxg5 Rh1+ 34. Qxh1 Rxh1+ 35. Kxh1 Qxd3 36. Kg2 c4 37. Bd1 Nxe4 38. Be3 c3 39. bxc3 bxc3 40. Bf3 c2 41. Rc1 Nc3 42. Rh1 Nxa2 43. Bh6+ Kg8 44. Bg5 c1=Q 45. Bxc1 Nxc1 46. Rxc1 a5 47. Rc8+ Kg7 48. Ra8 Qd2 49. Ra7 Kg6 50. Be4+ Kf6 51. Bf3 Kg7 52. Be4 Kf6 53. Bf3 Qb4 54. Bd5 Qxg4+ 55. Kh2 Qh5+ 0-1

[Event "PRO League Stage"]
[Site "Chess.com INT"]
[Date "2018.01.18"]
[Round "1"]
[White "Charbonneau, Pascal"]
[Black "Shimanov, Aleksandr"]
[Result "1/2-1/2"]
[WhiteElo "2505"]
[BlackElo "2641"]
[PlyCount "142"]
[GameId "1210301357359104"]
[EventDate "2018.01.18"]
[EventType "team-swiss (rapid)"]
[EventRounds "9"]
[EventCountry "USA"]
[SourceTitle "CBM 182 Extra"]
[Source "ChessBase"]
[SourceDate "2018.02.23"]
[SourceVersion "1"]
[SourceVersionDate "2018.02.23"]
[SourceQuality "1"]
[WhiteTeam "Montclair Sopranos"]
[BlackTeam "Webster Windmills"]
[WhiteTeamCountry "USA"]
[BlackTeamCountry "USA"]

1. Nf3 Nf6 2. g3 g6 3. Bg2 Bg7 4. O-O O-O 5. d4 d6 6. b3 e5 7. dxe5 dxe5 8. Bb2 e4 9. Nd4 a6 10. c4 Re8 11. Nc2 Nbd7 12. Ne3 b6 13. Qc2 Bb7 14. Nc3 Qe7 15. Rad1 Rad8 16. Rd2 Nf8 17. Rfd1 Rxd2 18. Rxd2 h5 19. Rd1 N8d7 20. a3 h4 21. b4 c5 22. Qb3 cxb4 23. axb4 Qe6 24. Ncd5 Rc8 25. gxh4 Ne5 26. Nf4 Qe8 27. c5 bxc5 28. bxc5 Bc6 29. Rd6 Ba4 30. Qa2 Bb5 31. Bd4 Rc6 32. h5 Rxd6 33. cxd6 Kh7 34. hxg6+ fxg6 35. Qe6 Qxe6 36. Nxe6 Ned7 37. Nxg7 Kxg7 38. Bxe4 Bxe2 39. Nd5 Kf7 40. Nxf6 Nxf6 41. Bxf6 Kxf6 42. Bxg6 Ke6 43. h4 Kxd6 44. Kg2 Ke7 45. Kg3 Kf6 46. Bc2 a5 47. Ba4 Bh5 48. Kf4 Be2 49. Ke4 Bh5 50. Kf4 Be2 51. Ke4 Bh5 52. f4 Bg6+ 53. Ke3 Bh5 54. Ke4 Bg6+ 55. Ke3 Bh5 56. Ke4 Bg6+ 57. Kd4 Bh5 58. Bc2 Be8 59. Kc5 Bd7 60. h5 Be8 61. h6 Bd7 62. Kd6 Bb5 63. Kc5 Be8 64. Bb1 a4 65. Kb4 Bd7 66. Bc2 Be8 67. Bxa4 Bxa4 68. Kxa4 Kg6 69. Kb5 Kxh6 70. Kc5 Kg6 71. Kd5 Kf5 1/2-1/2

[Event "PRO League Stage"]
[Site "Chess.com INT"]
[Date "2018.02.07"]
[Round "5"]
[White "Charbonneau, Pascal"]
[Black "Krysa, Leandro Sergio"]
[Result "0-1"]
[WhiteElo "2505"]
[BlackElo "2548"]
[PlyCount "40"]
[GameId "1217990769688576"]
[EventDate "2018.01.18"]
[EventType "team-swiss (rapid)"]
[EventRounds "9"]
[EventCountry "USA"]
[SourceTitle "CBM 182 Extra"]
[Source "ChessBase"]
[SourceDate "2018.02.23"]
[SourceVersion "1"]
[SourceVersionDate "2018.02.23"]
[SourceQuality "1"]
[WhiteTeam "Montclair Sopranos"]
[BlackTeam "Buenos Aires Krakens"]
[WhiteTeamCountry "USA"]
[BlackTeamCountry "ARG"]

1. e4 e5 2. Nf3 Nc6 3. Bb5 Nf6 4. d3 Bc5 5. O-O Nd4 6. Nxd4 Bxd4 7. c3 Bb6 8. Bg5 c6 9. Ba4 h6 10. Bh4 d6 11. Nd2 g5 12. Bg3 h5 13. h4 Rg8 14. Nc4 Ng4 15. Nxb6 axb6 16. hxg5 Qxg5 17. Bb3 h4 18. f4 Qg7 19. Bxh4 Ne3 20. Qf3 Nxg2 0-1

[Event "PRO League Stage"]
[Site "Chess.com INT"]
[Date "2018.02.07"]
[Round "5"]
[White "Charbonneau, Pascal"]
[Black "Perez, Maximiliano"]
[Result "0-1"]
[WhiteElo "2505"]
[BlackElo "2399"]
[PlyCount "116"]
[GameId "1217990769672192"]
[EventDate "2018.01.18"]
[EventType "team-swiss (rapid)"]
[EventRounds "9"]
[EventCountry "USA"]
[SourceTitle "CBM 182 Extra"]
[Source "ChessBase"]
[SourceDate "2018.02.23"]
[SourceVersion "1"]
[SourceVersionDate "2018.02.23"]
[SourceQuality "1"]
[WhiteTeam "Montclair Sopranos"]
[BlackTeam "Buenos Aires Krakens"]
[WhiteTeamCountry "USA"]
[BlackTeamCountry "ARG"]

1. Nf3 Nf6 2. g3 g6 3. Bg2 Bg7 4. O-O O-O 5. c4 d6 6. Nc3 e5 7. d3 a5 8. a3 Re8 9. Bg5 h6 10. Bxf6 Bxf6 11. Rb1 c6 12. Nd2 Bg7 13. b4 axb4 14. axb4 e4 15. Qc2 exd3 16. exd3 Bf5 17. b5 Ra3 18. Rb3 Rxb3 19. Nxb3 Qc7 20. bxc6 bxc6 21. Ne4 Na6 22. c5 dxc5 23. Nbxc5 Nb4 24. Qc4 Nd5 25. h3 Nb6 26. Qb3 Nd7 27. Nxd7 Qxd7 28. Rc1 Bd4 29. Qc4 Bxe4 30. Bxe4 c5 31. Bxg6 Re2 32. Rf1 Kg7 33. Bh5 Rd2 34. Kg2 Qf5 35. Bf3 Rxd3 36. Qd5 Qxd5 37. Bxd5 Rd2 38. Bc4 f5 39. Kf3 Kf6 40. Be2 Rc2 41. Rd1 Ke5 42. Re1 Kd5 43. Kf4 Bxf2 44. Bf3+ Kd6 45. Re2 Rc4+ 46. Kxf5 Bxg3 47. Re6+ Kd7 48. Re4 Rc3 49. Bg4 Kd6 50. Kg6 Kd5 51. Re8 Bf4 52. Kf5 Bg5 53. Re1 c4 54. Rd1+ Kc5 55. Ke4 Re3+ 56. Kf5 c3 57. Rc1 Kd4 58. Rc2 Kd3 0-1

[Event "PRO League Stage"]
[Site "Chess.com INT"]
[Date "2018.02.24"]
[Round "7"]
[White "Charbonneau, Pascal"]
[Black "Olafsson, Helgi"]
[Result "1/2-1/2"]
[WhiteElo "2505"]
[BlackElo "2508"]
[PlyCount "71"]
[GameId "1223048639078400"]
[EventDate "2018.01.18"]
[EventType "team-swiss (rapid)"]
[EventRounds "9"]
[EventCountry "USA"]
[SourceTitle "EXT 2019"]
[Source "ChessBase"]
[SourceDate "2018.10.10"]
[SourceVersion "1"]
[SourceVersionDate "2018.10.10"]
[SourceQuality "1"]
[WhiteTeam "Montclair Sopranos"]
[BlackTeam "Reykjavik Puffins"]
[WhiteTeamCountry "USA"]
[BlackTeamCountry "ISL"]

1. e4 c5 2. Nf3 d6 3. Bc4 Nc6 4. d3 e6 5. Bb3 Na5 6. Ba4+ Bd7 7. Bxd7+ Qxd7 8. O-O Be7 9. Nc3 Nc6 10. d4 cxd4 11. Nxd4 Nf6 12. Be3 Ne5 13. Qe2 Rc8 14. Rad1 a6 15. f4 Nc4 16. e5 dxe5 17. fxe5 Nxe3 18. Qxe3 Nd5 19. Qg3 O-O 20. Ne4 Qc7 21. c3 Rcd8 22. Rd3 b5 23. a3 Bc5 24. Qg5 h6 25. Qh5 Bxd4+ 26. cxd4 Qc2 27. Nc5 Ne7 28. b4 Qb2 29. Qg4 Nf5 30. Rfd1 Rd5 31. Ne4 Kh8 32. Ng3 Ne7 33. Nh5 Nf5 34. Ng3 Ne7 35. Nh5 Nf5 36. Ng3 1/2-1/2

[Event "PRO League Stage"]
[Site "Chess.com INT"]
[Date "2019.02.14"]
[Round "6"]
[White "Caruana, Fabiano"]
[Black "Charbonneau, Pascal"]
[Result "1-0"]
[WhiteElo "2828"]
[BlackElo "2505"]
[PlyCount "103"]
[GameId "1360521628745728"]
[EventDate "2019.01.08"]
[EventType "team-swiss (rapid)"]
[EventRounds "10"]
[EventCountry "USA"]
[SourceTitle "CBM 189 Extra"]
[Source "ChessBase"]
[SourceDate "2019.05.31"]
[SourceVersion "1"]
[SourceVersionDate "2019.05.31"]
[SourceQuality "1"]
[WhiteTeam "Saint Louis Arch Bishops"]
[BlackTeam "Montclair Sopranos"]
[WhiteTeamCountry "USA"]
[BlackTeamCountry "USA"]

1. e4 c5 2. Nf3 e6 3. d4 cxd4 4. Nxd4 a6 5. Nc3 Qc7 6. Bd3 Nf6 7. f4 b5 8. a3 d6 9. Qe2 Nbd7 10. Bd2 Be7 11. g4 g6 12. O-O-O Bb7 13. Rhf1 Nc5 14. g5 Nfd7 15. Kb1 Nb6 16. f5 e5 17. Nb3 O-O-O 18. Bxb5 axb5 19. Nxb5 Ba6 20. f6 Bf8 21. Ba5 Kb7 22. Rf3 Nca4 23. Nc1 Qc6 24. Rb3 Rc8 25. Rb4 h6 26. Nb3 Bxb5 27. Rxb5 Qc4 28. Qxc4 Rxc4 29. Bxb6 Nxb6 30. Na5+ Ka6 31. Rxb6+ Kxa5 32. Rb7 hxg5 33. Rxf7 Rxe4 34. Rd3 Kb6 35. Rb3+ Kc6 36. Rb8 Rxh2 37. Rfxf8 Rf4 38. f7 Kd5 39. c4+ Ke4 40. Rb4 Rf1+ 41. Ka2 Kd4 42. c5+ Kd5 43. cxd6 Kxd6 44. Rb7 Rhf2 45. a4 g4 46. a5 g3 47. Rg8 g2 48. Rxg6+ Kd5 49. a6 Rxf7 50. a7 Rf8 51. Rb8 g1=Q 52. Rxg1 1-0

[Event "PRO League Stage"]
[Site "Chess.com INT"]
[Date "2019.02.14"]
[Round "6"]
[White "Charbonneau, Pascal"]
[Black "Bloomer, Josh S"]
[Result "1-0"]
[WhiteElo "2505"]
[BlackElo "1950"]
[PlyCount "72"]
[GameId "1360521628565504"]
[EventDate "2019.01.08"]
[EventType "team-swiss (rapid)"]
[EventRounds "10"]
[EventCountry "USA"]
[SourceTitle "CBM 189 Extra"]
[Source "ChessBase"]
[SourceDate "2019.05.31"]
[SourceVersion "1"]
[SourceVersionDate "2019.05.31"]
[SourceQuality "1"]
[WhiteTeam "Montclair Sopranos"]
[BlackTeam "Saint Louis Arch Bishops"]
[WhiteTeamCountry "USA"]
[BlackTeamCountry "USA"]

1. c4 e5 2. Nc3 Nf6 3. g3 d5 4. cxd5 Nxd5 5. Nf3 Nc6 6. Bg2 Nb6 7. O-O Be7 8. a3 a5 9. d3 O-O 10. Be3 Be6 11. Rc1 f5 12. Na4 f4 13. Bc5 Bd6 14. Bxb6 cxb6 15. Nc3 h6 16. Ne4 Bc7 17. Qa4 Qd7 18. Rfd1 Qf7 19. Rc3 Bd5 20. Rdc1 Rac8 21. e3 Qh5 22. Nh4 f3 23. Bh3 Ra8 24. Bg4 Qf7 25. Bxf3 Rad8 26. Bg2 g5 27. Nf3 Qh5 28. Nfd2 Qe2 29. Qd1 Qxd1+ 30. Rxd1 b5 31. Rc5 Be6 32. Rxb5 Rxd3 33. Nc5 Rd6 34. Nxe6 Rxe6 35. Bd5 Rfe8 36. Rxb7 Bd6 1-0